[Event "Titled Tuesday intern op 25th Jul Early"]
[Site "Chess.com INT"]
[Date "2023.07.25"]
[Round "9"]
[White "Dehtiarov, Roman"]
[Black "Smirnov, Mark A"]
[Result "1-0"]
[WhiteElo "2308"]
[BlackElo "1931"]
[PlyCount "113"]
[EventDate "2023.07.25"]
[EventType "swiss (blitz)"]
[EventRounds "11"]
[EventCountry "USA"]
[SourceTitle "EXT 2024"]
[Source "ChessBase"]
[SourceDate "2023.10.10"]
[SourceVersion "1"]
[SourceVersionDate "2023.10.10"]
[SourceQuality "1"]

1. c4 e5 2. g3 Nf6 3. Bg2 d5 4. cxd5 Nxd5 5. Nc3 Nb6 6. Nf3 Nc6 7. 0-0 Be7 8. a3 0-0 9. b4 Be6 10. d3 f6 11. Be3 a5 12. b5 Nd4 13. Nd2 Nd5 14. Bxd4 exd4 15. Nxd5 Bxd5 16. Bxd5+ Qxd5 17. Qb3 Rfd8 18. Rfc1 Qxb3 19. Nxb3 a4 20. Nc5 Rd5 21. Nxb7 Rxb5 22. Rxc7 Bf8 23. Rd7 Rb3 24. Nd6 Ra6 25. Nc4 Bc5 26. Rd5 Rc6 27. Kg2 Kf7 28. Kf3 Ke6 29. Rd8 Be7 30. Rxd4 Rc7 31. Re4+ Kf7 32. Rd4 Rc5 33. Rd7 Ke6 34. Rd4 Rf5+ 35. Kg2 Bc5 36. Re4+ Kf7 37. f4 g5 38. Kf3 gxf4 39. Rxf4 Rh5 40. Kg2 Rd5 41. Raf1 Bd4 42. Rf5 Rxf5 43. Rxf5 Bb2 44. Ra5 Bxa3 45. Rxa4 Be7 46. Ra7 Rc3 47. Kf3 Rc2 48. Nd6+ Ke6 49. Nc4 Rc1 50. Ra6+ Kf7 51. g4 Rf1+ 52. Kg2 Re1 53. Kf2 Rh1 54. Kg2 Re1 55. e4 Re2+ 56. Kf3 Bd8 57. Kxe2 1-0

[Event "Titled Tuesday intern op 25th Jul Early"]
[Site "Chess.com INT"]
[Date "2023.07.25"]
[Round "3"]
[White "Matinian, Nikita"]
[Black "Smirnov, Mark A"]
[Result "1-0"]
[WhiteElo "2421"]
[BlackElo "1931"]
[PlyCount "49"]
[EventDate "2023.07.25"]
[EventType "swiss (blitz)"]
[EventRounds "11"]
[EventCountry "USA"]
[SourceTitle "EXT 2024"]
[Source "ChessBase"]
[SourceDate "2023.10.10"]
[SourceVersion "1"]
[SourceVersionDate "2023.10.10"]
[SourceQuality "1"]

1. e4 c5 2. Nf3 Nc6 3. Bb5 g6 4. 0-0 Bg7 5. d3 e5 6. a3 Nge7 7. b4 cxb4 8. axb4 0-0 9. c3 d5 10. Nbd2 a6 11. Re1 Rb8 12. Bxc6 Nxc6 13. Bb2 f6 14. exd5 Qxd5 15. Ne4 Rd8 16. Nc5 a5 17. Qa4 b5 18. Qa3 axb4 19. cxb4 Bg4 20. Nd2 Ne7 21. d4 Ra8 22. Qg3 f5 23. Rxa8 Qxa8 24. h3 Bh5 25. Ne6 1-0

[Event "Titled Tuesday intern op 18th Jul Early"]
[Site "Chess.com INT"]
[Date "2023.07.18"]
[Round "4"]
[White "Baziuk, Vladyslav"]
[Black "Smirnov, Mark A"]
[Result "0-1"]
[WhiteElo "2201"]
[BlackElo "1931"]
[PlyCount "54"]
[EventDate "2023.07.18"]
[EventType "swiss (blitz)"]
[EventRounds "11"]
[EventCountry "USA"]
[SourceTitle "EXT 2024"]
[Source "ChessBase"]
[SourceDate "2023.10.10"]
[SourceVersion "1"]
[SourceVersionDate "2023.10.10"]
[SourceQuality "1"]

1. e4 c5 2. Nf3 Nc6 3. Bb5 g6 4. Bxc6 dxc6 5. d3 Bg7 6. h3 Nf6 7. Be3 Nxe4 8. dxe4 Qxd1+ 9. Kxd1 Bxb2 10. c3 Bxa1 11. Kc2 b6 12. Nbd2 Bxc3 13. Kxc3 f6 14. e5 Be6 15. a4 Bd5 16. a5 0-0 17. Rb1 Rab8 18. g3 bxa5 19. Rxb8 Rxb8 20. Bxc5 a4 21. exf6 Bxf3 22. Nxf3 Rb3+ 23. Kd4 Rxf3 24. fxe7 Kf7 25. Ke5 a3 26. Kd6 Rd3+ 27. Kxc6 a2 0-1

[Event "Titled Tuesday intern op 18th Jul Early"]
[Site "Chess.com INT"]
[Date "2023.07.18"]
[Round "1"]
[White "Kushko, Dmitriy"]
[Black "Smirnov, Mark A"]
[Result "0-1"]
[WhiteElo "2426"]
[BlackElo "1931"]
[PlyCount "176"]
[EventDate "2023.07.18"]
[EventType "swiss (blitz)"]
[EventRounds "11"]
[EventCountry "USA"]
[SourceTitle "EXT 2024"]
[Source "ChessBase"]
[SourceDate "2023.10.10"]
[SourceVersion "1"]
[SourceVersionDate "2023.10.10"]
[SourceQuality "1"]

1. Nf3 Nf6 2. g3 b5 3. Na3 a6 4. c4 e6 5. b3 Bb7 6. cxb5 Bxa3 7. Bxa3 axb5 8. Bb2 0-0 9. Bg2 d6 10. 0-0 c5 11. d3 Nbd7 12. e4 c4 13. dxc4 bxc4 14. Qxd6 cxb3 15. axb3 Rxa1 16. Rxa1 Bxe4 17. h3 Qb8 18. Qxb8 Rxb8 19. Nd2 Bxg2 20. Kxg2 h6 21. Bxf6 Nxf6 22. Kf3 Rc8 23. Rb1 Nd5 24. b4 Rb8 25. b5 Nc3 26. Rb3 Nxb5 27. Ke3 Rb7 28. Nc4 Nd6 29. Rxb7 Nxb7 30. Kd4 Kf8 31. h4 Ke7 32. Ke5 Nd6 33. Nd2 f6+ 34. Kf4 e5+ 35. Kf3 Ke6 36. h5 f5 37. g4 Kf6 38. Nf1 Kg5 39. gxf5 Nxf5 40. Ke4 Kf6 41. Nd2 Ke6 42. Nf3 Nd6+ 43. Ke3 Kf5 44. Nd2 Kg4 45. Nf3 e4 46. Nd2 Kxh5 47. Kf4 g5+ 48. Ke5 Nf7+ 49. Kxe4 Kg6 50. Nf1 Nd6+ 51. Kf3 Kf5 52. Ne3+ Kg6 53. Ng4 h5 54. Ne3 Nf5 55. Nf1 Nd4+ 56. Ke4 Nf5 57. Nd2 h4 58. Kf3 Kh5 59. Ne4 Nd4+ 60. Kg2 Kg4 61. Nf6+ Kf5 62. Nd5 Ne6 63. Ne3+ Ke4 64. Ng4 Nf4+ 65. Kf1 h3 66. Kg1 Kf3 67. Ne5+ Ke2 68. Ng4 Nd3 69. Kh2 Nxf2 70. Ne5 Ke3 71. Kg3 g4 72. Nc4+ Ke4 73. Ne5 Kf5 74. Nc4 Kg5 75. Kxf2 Kf4 76. Ne3 g3+ 77. Ke2 h2 78. Ng2+ Kg5 79. Ne1 h1Q 80. Nf3+ Kg4 81. Ne5+ Kh3 82. Nd3 Qg2+ 83. Ke3 Qg1+ 84. Ke2 g2 85. Nf4+ Kg4 86. Nd3 Qf1+ 87. Ke3 g1Q+ 88. Ke4 Qxd3+ 0-1

[Event "Titled Tuesday intern op 18th Jul Early"]
[Site "Chess.com INT"]
[Date "2023.07.18"]
[Round "10"]
[White "Smirnov, Mark A"]
[Black "Belov, Alexei"]
[Result "0-1"]
[WhiteElo "1931"]
[BlackElo "2421"]
[PlyCount "74"]
[EventDate "2023.07.18"]
[EventType "swiss (blitz)"]
[EventRounds "11"]
[EventCountry "USA"]
[SourceTitle "EXT 2024"]
[Source "ChessBase"]
[SourceDate "2023.10.10"]
[SourceVersion "1"]
[SourceVersionDate "2023.10.10"]
[SourceQuality "1"]

1. e4 e6 2. Nf3 d5 3. e5 c5 4. b4 cxb4 5. a3 bxa3 6. Nxa3 Nc6 7. c3 Bd7 8. d4 a6 9. Bd3 Rc8 10. h4 Na5 11. Bd2 Ne7 12. h5 h6 13. 0-0 Nc4 14. Nc2 Nb2 15. Qe2 Nxd3 16. Qxd3 Bb5 17. Qe3 Bxf1 18. Kxf1 Nc6 19. Nfe1 Na5 20. Qg3 Nb3 21. Rd1 Qc7 22. Ne3 Rg8 23. f4 Be7 24. f5 Bg5 25. Qh3 Qd7 26. fxe6 fxe6 27. c4 Rf8+ 28. Kg1 Qf7 29. Nf3 Nxd2 30. Nxg5 hxg5 31. Rxd2 dxc4 32. d5 c3 33. dxe6 Qf4 34. e7 g4 35. exf8Q+ Kxf8 36. Nxg4 cxd2 37. Nf2 Rc1+ 0-1

[Event "Titled Tuesday intern op 18th Jul Early"]
[Site "Chess.com INT"]
[Date "2023.07.18"]
[Round "5"]
[White "Smirnov, Mark A"]
[Black "Spata, German"]
[Result "0-1"]
[WhiteElo "1931"]
[BlackElo "2376"]
[PlyCount "168"]
[EventDate "2023.07.18"]
[EventType "swiss (blitz)"]
[EventRounds "11"]
[EventCountry "USA"]
[SourceTitle "EXT 2024"]
[Source "ChessBase"]
[SourceDate "2023.10.10"]
[SourceVersion "1"]
[SourceVersionDate "2023.10.10"]
[SourceQuality "1"]

1. e4 e6 2. Nf3 d5 3. e5 a5 4. d4 c5 5. c3 Nc6 6. Bd3 Qb6 7. 0-0 Bd7 8. Bc2 Rc8 9. a3 Nh6 10. Bxh6 gxh6 11. Ra2 Bg7 12. Qd3 Ne7 13. Re1 Bb5 14. Qd2 Bc4 15. b3 Bxb3 16. Bxb3 Qxb3 17. Rb2 Qc4 18. Rxb7 Ng6 19. Qe3 cxd4 20. cxd4 0-0 21. Nbd2 Qc3 22. Nb3 Qxe3 23. fxe3 Rc3 24. a4 Ra8 25. Rb5 Rc4 26. Rxa5 Rxa5 27. Nxa5 Rxa4 28. Nb3 Ra3 29. Nbd2 Bf8 30. e4 Bb4 31. Rb1 Bxd2 32. Nxd2 Rd3 33. Rb2 Rxd4 34. exd5 Rxd5 35. Rb8+ Kg7 36. Ne4 Nxe5 37. Rb7 Ng4 38. Kf1 Nf6 39. Nf2 Rd7 40. Rb1 Rc7 41. h3 Nd5 42. Re1 Rc2 43. Re4 Rc1+ 44. Re1 Ne3+ 45. Ke2 Rxe1+ 46. Kxe1 Nxg2+ 47. Ke2 Nf4+ 48. Kf3 Ng6 49. Nd3 Kf6 50. Ke4 h5 51. Nf2 Ne7 52. Nd3 Nc6 53. Nf4 Kg5 54. Ng2 f5+ 55. Kf3 Ne5+ 56. Kg3 Ng6 57. h4+ Kf6 58. Kf3 e5 59. Ke3 Ke6 60. Kd3 e4+ 61. Ke3 Ke5 62. Ke2 f4 63. Kf2 Kf5 64. Ne1 Nxh4 65. Nc2 Ng6 66. Nd4+ Kg4 67. Nc6 e3+ 68. Ke2 h4 69. Nd4 h3 70. Nf3 Nh4 71. Nh2+ Kg3 72. Nf1+ Kg2 73. Ke1 h2 74. Nxh2 Kxh2 75. Ke2 Kg2 76. Kd3 Kf2 77. Ke4 f3 78. Kf4 Nf5 79. Kg4 e2 80. Kh5 e1Q 81. Kg5 Qg1+ 82. Kf6 Qg6+ 83. Ke5 Ng3 84. Kf4 Qf5# 0-1

[Event "Titled Tuesday intern op 04th Jul Early"]
[Site "Chess.com INT"]
[Date "2023.07.04"]
[Round "2"]
[White "Ivanova, Karina"]
[Black "Smirnov, Mark A"]
[Result "0-1"]
[WhiteElo "2085"]
[BlackElo "1931"]
[PlyCount "26"]
[EventDate "2023.07.04"]
[EventType "swiss (blitz)"]
[EventRounds "11"]
[EventCountry "USA"]
[SourceTitle "EXT 2024"]
[Source "ChessBase"]
[SourceDate "2023.10.10"]
[SourceVersion "1"]
[SourceVersionDate "2023.10.10"]
[SourceQuality "1"]

1. Nf3 Nf6 2. g3 b5 3. Bg2 Bb7 4. d4 e6 5. a4 a6 6. 0-0 c5 7. Bg5 h6 8. Bf4 Be7 9. dxc5 Bxc5 10. Bd6 Qb6 11. a5 Qxd6 12. Qxd6 Bxd6 13. Nc3 Bb4 0-1

[Event "Titled Tuesday intern op 27th Jun Early"]
[Site "Chess.com INT"]
[Date "2023.06.27"]
[Round "3"]
[White "Papasimakopoulos, Alexandros"]
[Black "Smirnov, Mark A"]
[Result "1-0"]
[WhiteElo "2401"]
[BlackElo "1921"]
[PlyCount "97"]
[EventDate "2023.06.27"]
[EventType "swiss (blitz)"]
[EventRounds "11"]
[EventCountry "USA"]
[SourceTitle "EXT 2024"]
[Source "ChessBase"]
[SourceDate "2023.10.10"]
[SourceVersion "1"]
[SourceVersionDate "2023.10.10"]
[SourceQuality "1"]

1. d4 Nf6 2. c4 e6 3. Nc3 Bb4 4. Qc2 d5 5. cxd5 exd5 6. Bg5 0-0 7. e3 c6 8. Bd3 h6 9. h4 Qd6 10. Bf4 Qe7 11. Nf3 Ne4 12. Ne5 Nd7 13. f3 Nxc3 14. bxc3 Bd6 15. Nxd7 Bxd7 16. Bxd6 Qxd6 17. Kf2 Rae8 18. h5 f5 19. f4 b6 20. a4 c5 21. a5 c4 22. Be2 b5 23. a6 b4 24. cxb4 Qxb4 25. Rhb1 Qe7 26. Qc3 Qh4+ 27. Kg1 Bc6 28. Bf3 Qe7 29. Re1 Rb8 30. Ra5 Rb3 31. Qd2 Rd8 32. Rc5 Rd6 33. g3 Kh8 34. Re2 Rd3 35. Qc1 Re6 36. Kf2 Qd6 37. Qb1 Rb3 38. Qxf5 Qe7 39. Rxc6 Rxc6 40. Bxd5 Rc7 41. Be4 Kg8 42. Qh7+ Kf7 43. Bd5+ Ke8 44. Bxc4 Rc3 45. Qg8+ Qf8 46. Qe6+ Qe7 47. Bb5+ Kd8 48. Qd5+ Kc8 49. Qa8# 1-0

[Event "Titled Tuesday intern op 27th Jun Early"]
[Site "Chess.com INT"]
[Date "2023.06.27"]
[Round "1"]
[White "Sethuraman, SP."]
[Black "Smirnov, Mark A"]
[Result "1-0"]
[WhiteElo "2606"]
[BlackElo "1921"]
[PlyCount "113"]
[EventDate "2023.06.27"]
[EventType "swiss (blitz)"]
[EventRounds "11"]
[EventCountry "USA"]
[SourceTitle "EXT 2024"]
[Source "ChessBase"]
[SourceDate "2023.10.10"]
[SourceVersion "1"]
[SourceVersionDate "2023.10.10"]
[SourceQuality "1"]

1. d4 Nf6 2. c4 e6 3. Nf3 b6 4. a3 Ba6 5. Qc2 Bb7 6. Nc3 d5 7. cxd5 exd5 8. Bf4 a6 9. e3 Be7 10. Bd3 0-0 11. 0-0 Nbd7 12. Rfd1 Rc8 13. Bf5 Re8 14. Ne5 Ra8 15. Nxd7 Nxd7 16. Bxh7+ Kh8 17. Bd3 c5 18. Qe2 Nf6 19. Be5 Bd6 20. f4 Qe7 21. Qf3 Qe6 22. Qg3 Bxe5 23. dxe5 Ne4 24. Bxe4 dxe4 25. Rd6 Qf5 26. Rad1 Re6 27. Qh4+ Kg8 28. Rd8+ Re8 29. R8d7 Bc6 30. R7d6 Re6 31. g4 Qh7 32. Qxh7+ Kxh7 33. Rxe6 fxe6 34. Rd6 Rc8 35. Rxe6 b5 36. Ne2 b4 37. axb4 cxb4 38. Rd6 Bb5 39. Rd2 a5 40. Kf2 a4 41. Nd4 Bc4 42. Rc2 a3 43. b3 Ba6 44. Ra2 Bd3 45. Ra1 Rc3 46. e6 Kg8 47. f5 Bc2 48. Nxc2 Rxc2+ 49. Kg3 Rb2 50. Kf4 Rxb3 51. Rd1 Kf8 52. Rd8+ Ke7 53. Rd7+ Ke8 54. Rxg7 a2 55. f6 Kf8 56. e7+ Ke8 57. Rg8+ 1-0

[Event "Titled Tuesday intern op 27th Jun Early"]
[Site "Chess.com INT"]
[Date "2023.06.27"]
[Round "9"]
[White "Smirnov, Mark A"]
[Black "Aldokhin, Ivan"]
[Result "1/2-1/2"]
[WhiteElo "1921"]
[BlackElo "2413"]
[PlyCount "114"]
[EventDate "2023.06.27"]
[EventType "swiss (blitz)"]
[EventRounds "11"]
[EventCountry "USA"]
[SourceTitle "EXT 2024"]
[Source "ChessBase"]
[SourceDate "2023.10.10"]
[SourceVersion "1"]
[SourceVersionDate "2023.10.10"]
[SourceQuality "1"]

1. e4 c5 2. Nf3 e6 3. d4 cxd4 4. Nxd4 a6 5. Nc3 Qc7 6. Bd3 Nf6 7. Qe2 d6 8. f4 Nbd7 9. 0-0 b5 10. Kh1 Bb7 11. Bd2 h5 12. Rae1 h4 13. e5 dxe5 14. fxe5 h3 15. Ne4 Nxe5 16. Nxf6+ gxf6 17. Be4 hxg2+ 18. Qxg2 0-0-0 19. c3 Bd6 20. Bxb7+ Qxb7 21. Qxb7+ Kxb7 22. Rxf6 Rxh2+ 23. Kxh2 Ng4+ 24. Kg2 Nxf6 25. Rf1 Rg8+ 26. Kf3 Nd7 27. Ke2 Ne5 28. b3 Rg2+ 29. Kd1 Kc7 30. Bf4 Rxa2 31. Bxe5 Bxe5 32. Rxf7+ Kd6 33. Ne2 Kd5 34. Rd7+ Ke4 35. Rd2 Rxd2+ 36. Kxd2 a5 37. Kc2 a4 38. bxa4 bxa4 39. Nc1 Bd6 40. Nd3 e5 41. Nb2 a3 42. Nc4 Bc5 43. Kb3 Kd5 44. Nxa3 Bxa3 45. Kxa3 Kc4 46. Kb2 Kd3 47. c4 Kxc4 48. Kc2 Kd4 49. Kd2 Ke4 50. Ke2 Kf4 51. Kf2 Ke4 52. Ke2 Kd4 53. Kd2 Kc4 54. Ke3 Kd5 55. Kd3 e4+ 56. Ke3 Ke5 57. Ke2 Kd4 1/2-1/2

[Event "Titled Tuesday intern op 20th Jun Early"]
[Site "Chess.com INT"]
[Date "2023.06.20"]
[Round "3"]
[White "Fonseca Manrique, Enrique"]
[Black "Smirnov, Mark A"]
[Result "0-1"]
[WhiteElo "2169"]
[BlackElo "1921"]
[PlyCount "116"]
[EventDate "2023.06.20"]
[EventType "swiss (blitz)"]
[EventRounds "11"]
[EventCountry "USA"]
[SourceTitle "EXT 2024"]
[Source "ChessBase"]
[SourceDate "2023.10.10"]
[SourceVersion "1"]
[SourceVersionDate "2023.10.10"]
[SourceQuality "1"]

1. e4 c5 2. Nc3 Nc6 3. f4 g6 4. Nf3 Bg7 5. a4 e6 6. e5 d6 7. Bb5 dxe5 8. fxe5 Bd7 9. Qe2 a6 10. Bxc6 Bxc6 11. 0-0 Ne7 12. d3 Nf5 13. Ne4 Bxe4 14. Qxe4 Qd5 15. Qxd5 exd5 16. b3 0-0 17. Re1 Rfe8 18. Ba3 Rac8 19. Re2 b5 20. axb5 axb5 21. Bb2 d4 22. b4 cxb4 23. g4 Ne3 24. Nxd4 Nxg4 25. Nf3 f6 26. e6 Rc6 27. Nd4 Rd6 28. Nxb5 Rdxe6 29. Rxe6 Rxe6 30. Ra8+ Kf7 31. Ra7+ Re7 32. Rxe7+ Kxe7 33. Bc1 f5 34. Bd2 Kd7 35. Bxb4 Kc6 36. Nc3 Bxc3 37. Bxc3 Ne3 38. Kf2 Nxc2 39. Bg7 Kd5 40. Ke2 Nd4+ 41. Ke3 Ne6 42. Bf6 g5 43. h3 h5 44. Be7 g4 45. hxg4 hxg4 46. Bf6 f4+ 47. Ke2 Nc5 48. Bg7 Ke6 49. Bd4 Nd7 50. Bg7 Kf5 51. Bc3 Nf6 52. Ba5 Nd5 53. Bd2 Nf6 54. Ba5 Nd5 55. Bd2 Ke5 56. Bc1 Kf5 57. Bb2 f3+ 58. Kf2 Nf4 0-1

[Event "Titled Tuesday intern op 20th Jun Early"]
[Site "Chess.com INT"]
[Date "2023.06.20"]
[Round "4"]
[White "Sadykov, Ramil"]
[Black "Smirnov, Mark A"]
[Result "0-1"]
[WhiteElo "2345"]
[BlackElo "1921"]
[PlyCount "166"]
[EventDate "2023.06.20"]
[EventType "swiss (blitz)"]
[EventRounds "11"]
[EventCountry "USA"]
[SourceTitle "EXT 2024"]
[Source "ChessBase"]
[SourceDate "2023.10.10"]
[SourceVersion "1"]
[SourceVersionDate "2023.10.10"]
[SourceQuality "1"]

1. Nf3 Nf6 2. g3 b5 3. Bg2 Bb7 4. 0-0 e6 5. d3 c5 6. e4 d6 7. Re1 Be7 8. a4 a6 9. e5 dxe5 10. Nxe5 Bxg2 11. Kxg2 b4 12. Qf3 Qd5 13. Nd2 Nbd7 14. Nxd7 Qxf3+ 15. Kxf3 Kxd7 16. Nc4 Rab8 17. Bf4 Rb7 18. Be5 Rg8 19. g4 Nd5 20. Rad1 f6 21. Bg3 e5 22. h4 Nb6 23. Na5 Rc7 24. b3 Nd5 25. h5 Nc3 26. Rd2 h6 27. Nc4 Bd6 28. d4 cxd4 29. Nxd6 Kxd6 30. Rxd4+ Kc5 31. Rc4+ Kd6 32. Rxb4 Nd5 33. Rd1 Ke6 34. Rc4 Rxc4 35. bxc4 Nb6 36. c5 Nxa4 37. Rd6+ Ke7 38. Rc6 Rd8 39. Ke4 Kd7 40. Rd6+ Kc7 41. Kd5 Rxd6+ 42. cxd6+ Kd7 43. f4 Nb6+ 44. Kc5 exf4 45. Bxf4 Na4+ 46. Kb4 Nb6 47. c4 Nc8 48. Kc5 a5 49. Kd5 Nb6+ 50. Kc5 Nc8 51. Kb5 Nxd6+ 52. Bxd6 Kxd6 53. Kb6 a4 54. c5+ Ke5 55. c6 a3 56. c7 a2 57. c8Q a1Q 58. Qf5+ Kd6 59. Qc5+ Ke6 60. Qf5+ Ke7 61. Qc5+ Ke6 62. Qc6+ Ke5 63. Qc7+ Ke4 64. Qxg7 Qd4+ 65. Kc6 Qd5+ 66. Kc7 Qg5 67. Qh7+ Kf4 68. Qg6 Kxg4 69. Qe4+ Qf4+ 70. Qxf4+ Kxf4 71. Kd6 Kg5 72. Ke6 f5 73. Ke5 f4 74. Ke4 Kg4 75. Kd3 f3 76. Ke3 Kg3 77. Ke4 f2 78. Kf5 f1Q+ 79. Kg6 Qf4 80. Kh7 Qg5 81. Kh8 Kf4 82. Kh7 Kf5 83. Kh8 Kf6 0-1

[Event "Titled Tuesday intern op 20th Jun Early"]
[Site "Chess.com INT"]
[Date "2023.06.20"]
[Round "2"]
[White "Smirnov, Mark A"]
[Black "Gulamirian, Korun"]
[Result "1-0"]
[WhiteElo "1921"]
[BlackElo "1816"]
[PlyCount "119"]
[EventDate "2023.06.20"]
[EventType "swiss (blitz)"]
[EventRounds "11"]
[EventCountry "USA"]
[SourceTitle "EXT 2024"]
[Source "ChessBase"]
[SourceDate "2023.10.10"]
[SourceVersion "1"]
[SourceVersionDate "2023.10.10"]
[SourceQuality "1"]

1. e4 c5 2. Nf3 d6 3. d4 cxd4 4. Nxd4 Nf6 5. Nc3 a6 6. Bg5 e6 7. f4 Be7 8. Qf3 Nbd7 9. 0-0-0 Qc7 10. g4 h6 11. Bxf6 Bxf6 12. h4 Be7 13. g5 Nc5 14. g6 f6 15. f5 0-0 16. fxe6 Nxe6 17. Nd5 Qd8 18. Nf5 Re8 19. Ndxe7+ Rxe7 20. Rxd6 Rd7 21. Rxe6 Rd2 22. Bc4 Bxe6 23. Bxe6+ Kh8 24. Nxh6 gxh6 25. g7+ Kxg7 26. Rg1+ Kf8 27. Rg8+ Ke7 28. Rxd8 Raxd8 29. Bd5 Rh2 30. Qa3+ Rd6 31. Qg3 Rh1+ 32. Kd2 Rd7 33. Qg7+ Kd8 34. Qxf6+ Kc7 35. Qc3+ Kb8 36. Ke3 Rh3+ 37. Kd4 Rxc3 38. bxc3 Kc7 39. e5 Re7 40. c4 b6 41. Ke4 a5 42. Kf5 Kd7 43. Kf6 Re8 44. a4 Rf8+ 45. Bf7 Rb8 46. e6+ Kd6 47. e7 Kd7 48. e8Q+ Rxe8 49. Bxe8+ Kxe8 50. Ke6 h5 51. Kd6 Kf7 52. Kc6 Kf6 53. Kxb6 Kf5 54. c5 Kg4 55. c6 Kxh4 56. c7 Kg3 57. c8Q h4 58. Qc6 h3 59. Qh1 h2 60. Kxa5 1-0

[Event "Titled Tuesday intern op 20th Jun Early"]
[Site "Chess.com INT"]
[Date "2023.06.20"]
[Round "1"]
[White "Srihari, LR."]
[Black "Smirnov, Mark A"]
[Result "1-0"]
[WhiteElo "2416"]
[BlackElo "1921"]
[PlyCount "81"]
[EventDate "2023.06.20"]
[EventType "swiss (blitz)"]
[EventRounds "11"]
[EventCountry "USA"]
[SourceTitle "EXT 2024"]
[Source "ChessBase"]
[SourceDate "2023.10.10"]
[SourceVersion "1"]
[SourceVersionDate "2023.10.10"]
[SourceQuality "1"]

1. c4 e5 2. Nc3 Nf6 3. Nf3 Nc6 4. e3 Bb4 5. Qc2 Bxc3 6. Qxc3 Qe7 7. d4 d6 8. Be2 0-0 9. 0-0 exd4 10. Nxd4 Ne5 11. b3 Bg4 12. f3 Bh5 13. Bb2 Bg6 14. Rae1 h6 15. e4 a6 16. a4 Rfe8 17. Rd1 Qf8 18. Rfe1 Nh5 19. Bf1 Nf4 20. Qd2 Ne6 21. Nxe6 fxe6 22. f4 Nd7 23. Bd3 Nc5 24. Bc2 Rad8 25. b4 Nd7 26. a5 Nf6 27. f5 exf5 28. exf5 Bh5 29. Rc1 Rxe1+ 30. Rxe1 Re8 31. h3 Rxe1+ 32. Qxe1 Qf7 33. Qh4 Kf8 34. Bxf6 gxf6 35. Bd3 Qe8 36. Kf2 Kg7 37. Qg3+ Kf8 38. Qf4 Kg7 39. Be4 Qe5 40. Qxe5 fxe5 41. Bxb7 1-0

[Event "Almaty Fizmat op"]
[Site "Almaty"]
[Date "2021.10.10"]
[Round "8"]
[White "Smirnov, Mark A"]
[Black "Kaliakhmet, Elnaz"]
[Result "1-0"]
[WhiteElo "1953"]
[BlackElo "1686"]
[PlyCount "59"]
[EventDate "2021.10.08"]
[EventType "swiss (rapid)"]
[EventRounds "9"]
[EventCountry "KAZ"]
[SourceTitle "EXT 2023"]
[Source "ChessBase"]
[SourceDate "2022.10.05"]
[SourceVersion "1"]
[SourceVersionDate "2022.10.05"]
[SourceQuality "1"]

1. e4 c5 2. Nf3 e6 3. d4 cxd4 4. Nxd4 a6 5. Nc3 Qc7 6. Bd3 Nf6 7. 0-0 Bc5 8. Nb3 Ba7 9. Bg5 d6 10. Kh1 Nbd7 11. f4 h5 12. Bh4 b5 13. a3 Bb7 14. Qe2 e5 15. Rad1 Bc6 16. fxe5 dxe5 17. Nd5 Bxd5 18. exd5 Qd6 19. Bf5 g6 20. Be6 fxe6 21. Bxf6 0-0 22. Qe4 Kh7 23. dxe6 Qxe6 24. Qb7 Rf7 25. Qxa8 Nxf6 26. Qf3 Kg7 27. Nd2 Bb6 28. Ne4 a5 29. Nxf6 Rxf6 30. Qxf6+ 1-0

[Event "Zalakaros op 37th"]
[Site "Zalakaros"]
[Date "2018.05.28"]
[Round "4"]
[White "Smirnov, Mark A"]
[Black "Karacsonyi, Gellert"]
[Result "0-1"]
[WhiteElo "1914"]
[BlackElo "2208"]
[PlyCount "156"]
[EventDate "2018.05.25"]
[EventType "swiss"]
[EventRounds "9"]
[EventCountry "HUN"]
[SourceTitle "EXT 2019"]
[Source "ChessBase"]
[SourceDate "2018.10.10"]
[SourceVersion "1"]
[SourceVersionDate "2018.10.10"]
[SourceQuality "1"]

1. d4 Nf6 2. c4 e6 3. Nf3 d5 4. Bg5 Be7 5. Nc3 h6 6. Bh4 Nbd7 7. e3 0-0 8. cxd5 exd5 9. Bd3 Re8 10. 0-0 Nf8 11. Qc2 c6 12. Rae1 Be6 13. Nd2 Qd7 14. f3 a6 15. Na4 Qd8 16. Nc5 Rb8 17. Ndb3 N6d7 18. Bg3 Nxc5 19. dxc5 Rc8 20. Nd4 Bh4 21. Bxh4 Qxh4 22. f4 Bg4 23. h3 Bd7 24. Bf5 Qf6 25. b4 Ra8 26. Bxd7 Nxd7 27. Qf5 Qxf5 28. Nxf5 Re4 29. a3 Re6 30. Kf2 a5 31. Ra1 Nf6 32. Nd6 Ne4+ 33. Nxe4 Rxe4 34. Rab1 axb4 35. axb4 Ra2+ 36. Kf3 Ra3 37. Rfe1 f5 38. b5 Rc3 39. bxc6 bxc6 40. Rbc1 Rexe3+ 41. Rxe3 Rxc1 42. Re5 Rc3+ 43. Ke2 Rxc5 44. Rxf5 Rc2+ 45. Kf3 d4 46. Ke4 c5 47. h4 Re2+ 48. Kd5 d3 49. Kxc5 d2 50. Rd5 Rxg2 51. h5 Kf7 52. Kc4 Ke6 53. Re5+ Kf6 54. Rd5 Rf2 55. Kc3 Rxf4 56. Rxd2 Rf5 57. Rh2 Rd5 58. Kc4 Rd8 59. Rg2 Rd1 60. Rg6+ Kf7 61. Rg2 Rd7 62. Rg6 Kg8 63. Rg1 Kh7 64. Rg2 Rd6 65. Kc5 Rd1 66. Re2 Rh1 67. Re5 g5 68. hxg6+ Kxg6 69. Kd4 Rd1+ 70. Kc3 h5 71. Kc2 Rd6 72. Ra5 h4 73. Re5 Rd8 74. Rb5 h3 75. Rb3 Rh8 76. Rb1 Kg5 77. Kd2 Kg4 78. Ke2 Kg3 0-1

[Event "Zalakaros op 37th"]
[Site "Zalakaros"]
[Date "2018.05.27"]
[Round "3"]
[White "Kovacs, Judit"]
[Black "Smirnov, Mark A"]
[Result "0-1"]
[WhiteElo "2127"]
[BlackElo "1914"]
[PlyCount "54"]
[EventDate "2018.05.25"]
[EventType "swiss"]
[EventRounds "9"]
[EventCountry "HUN"]
[SourceTitle "EXT 2019"]
[Source "ChessBase"]
[SourceDate "2018.10.10"]
[SourceVersion "1"]
[SourceVersionDate "2018.10.10"]
[SourceQuality "1"]

1. d4 Nf6 2. Nf3 e6 3. e3 b6 4. Bd3 Bb7 5. 0-0 Be7 6. c4 Ne4 7. Nc3 Nxc3 8. bxc3 f5 9. d5 0-0 10. e4 fxe4 11. Bxe4 Bf6 12. Qc2 h6 13. dxe6 Bxe4 14. Qxe4 Na6 15. Nd4 Nc5 16. Qg4 Nxe6 17. Nxe6 dxe6 18. Bxh6 Bxc3 19. Qxe6+ Rf7 20. Rad1 Qf6 21. Qe4 Raf8 22. Bc1 Qf5 23. Qe3 Bb4 24. Rd5 Qc2 25. Rh5 Rxf2 26. Qe6+ R8f7 27. Qe8+ Bf8 0-1

[Event "Zalakaros op 37th"]
[Site "Zalakaros"]
[Date "2018.05.25"]
[Round "1"]
[White "Krykun, Yuriy"]
[Black "Smirnov, Mark A"]
[Result "1-0"]
[WhiteElo "2338"]
[BlackElo "1914"]
[PlyCount "77"]
[EventDate "2018.05.25"]
[EventType "swiss"]
[EventRounds "9"]
[EventCountry "HUN"]
[SourceTitle "CBM 184 Extra"]
[Source "ChessBase"]
[SourceDate "2018.06.28"]
[SourceVersion "1"]
[SourceVersionDate "2018.06.28"]
[SourceQuality "1"]

1. Nf3 Nf6 2. c4 e6 3. g3 b6 4. Bg2 Bb7 5. 0-0 Be7 6. Nc3 0-0 7. Re1 d6 8. e4 Nbd7 9. d4 e5 10. d5 a5 11. Nd2 Nc5 12. Nf1 Bc8 13. f4 exf4 14. gxf4 Bg4 15. Qc2 Nfd7 16. Ng3 Bh4 17. Be3 f5 18. exf5 Qf6 19. Nb5 Bxg3 20. hxg3 Rac8 21. Nd4 Rce8 22. Bf2 Bxf5 23. Qxf5 Rxe1+ 24. Rxe1 Qxf5 25. Nxf5 Rxf5 26. Bh3 Rf8 27. Bd4 Kf7 28. Be6+ Kg6 29. f5+ Kg5 30. Bxg7 Re8 31. Re3 Nf6 32. Kg2 Ng4 33. Re2 h5 34. Bd4 Nd3 35. b3 h4 36. gxh4+ Kxh4 37. Re4 Kg5 38. Kg3 Nf6 39. Be3+ 1-0